[Event "Odesa Chess Day Blitz"]
[Site "Chess.com INT"]
[Date "2022.07.20"]
[Round "7"]
[White "Kovtun, Dmitriy"]
[Black "Cherevatenko, Roman"]
[Result "1-0"]
[WhiteElo "2128"]
[BlackElo "2398"]
[PlyCount "73"]
[EventDate "2022.07.20"]
[EventType "swiss (blitz)"]
[EventRounds "9"]
[EventCountry "UKR"]
[SourceTitle "CBM 209 Extra"]
[Source "ChessBase"]
[SourceDate "2022.09.30"]
[SourceVersion "1"]
[SourceVersionDate "2022.09.30"]
[SourceQuality "1"]

1. d4 g6 2. Bf4 Bg7 3. e3 d6 4. Nf3 Nd7 5. h3 e5 6. Bh2 e4 7. Nfd2 f5 8. c4 Ngf6 9. Nc3 0-0 10. Be2 Rf7 11. Rc1 Nf8 12. b4 c6 13. c5 d5 14. b5 g5 15. Bd6 Ng6 16. a4 Ne8 17. Qc2 Nxd6 18. cxd6 Qxd6 19. bxc6 bxc6 20. Na2 Bd7 21. Qc5 Qe6 22. Nb4 a5 23. Na6 Be8 24. Qb6 Bf8 25. Nc7 Rxc7 26. Qxc7 Bb4 27. Kd1 c5 28. Bb5 c4 29. Nxc4 Bxb5 30. axb5 Rc8 31. Qa7 dxc4 32. b6 Qd6 33. b7 Rd8 34. Rxc4 Qb8 35. Qxb8 Rxb8 36. Rc8+ Kf7 37. Rxb8 1-0